Statystyki dla Geografia do matury #2 - ustroje rzeczne

Kliknij tutaj aby rozwiązać quiz!

Ogólne statystyki

  • Ten quiz został rozwiązany 267 razy
  • Średni wynik to 7 z 8

Statystyki odpowiedzi

Odpowiedź% Poprawnych
równikowy
95%
oceaniczny
93%
monsunowy
91%
śródziemnomorski
90%
podrównikowy
85%
lodowcowy
71%
złożony
69%
śnieżny
67%

Rozkład punktacji

Percentyl według liczby udzielonych odpowiedzi

Procent ludzi z każdym wynikiem

Twoja historia wyników

Nie rozwiązałeś tego quizu